| 000 | 00742nam a2200241 a 4500 | ||
|---|---|---|---|
| 001 | BRCA_8348 | ||
| 005 | 20190320210237.0 | ||
| 008 | 150714s1946----sp-a###f##---#001-0#spa-# | ||
| 041 | _aspa | ||
| 044 | _asp | ||
| 050 | 4 |
_aN8070 _b.T7 1946 |
|
| 100 | 1 |
_aTrens, Manuel B. _d1893-1963 _920897 |
|
| 245 | 1 | 0 |
_aMaría _biconografía de la Virgen en el arte español _cpor Manuel Trens. |
| 260 |
_aMadrid _bPlus-Ultra _c1946 |
||
| 300 |
_a715 p. _bil. (algunas a color) _c27 cm. |
||
| 500 | _aIncluye índice de materias e índice de ilustraciones | ||
| 500 | _aR78 | ||
| 504 | _aBibliografía p. 697-698 | ||
| 600 | 1 | 4 |
_aMaría, Virgen _vArte _zEspaña _920898 |
| 650 | 1 | 4 |
_aVirgen María _xIconografía _920899 |
| 902 | _aGFM | ||
| 942 |
_2lcc _cB |
||
| 999 |
_c8016 _d8016 |
||